Heat transfer (Record no. 3641)

000 -LEADER
fixed length control field 00564nam a2200229 a 4500
001 - CONTROL NUMBER
control field 3641
003 - CONTROL NUMBER IDENTIFIER
control field BD-DhUET
008 - FIXED-LENGTH DATA ELEMENTS--GENERAL INFORMATION
fixed length control field 960506s1997 nyua b 001 0 eng
020 ## - INTERNATIONAL STANDARD BOOK NUMBER
International Standard Book Number 0071143203
020 ## - INTERNATIONAL STANDARD BOOK NUMBER
International Standard Book Number 0078447852
040 ## - CATALOGING SOURCE
Original cataloging agency DLC
Transcribing agency DLC
Modifying agency BD-DhUET
082 00 - DEWEY DECIMAL CLASSIFICATION NUMBER
Classification number 621.011
Item number HOL/1997
100 1# - MAIN ENTRY--PERSONAL NAME
Personal name Holman, J. P.
245 10 - TITLE STATEMENT
Title Heat transfer
250 ## - EDITION STATEMENT
Edition statement 8th ed.
260 ## - PUBLICATION, DISTRIBUTION, ETC. (IMPRINT)
Place of publication, distribution, etc. New York
Name of publisher, distributor, etc. McGraw-Hill
Date of publication, distribution, etc. 1997
300 ## - PHYSICAL DESCRIPTION
Extent xviii, 696 p.
Other physical details ill.
490 ## - SERIES STATEMENT
Series statement Schaum's outline series
504 ## - BIBLIOGRAPHY, ETC. NOTE
Bibliography, etc Includes bibliographies
650 #0 - SUBJECT ADDED ENTRY--TOPICAL TERM
Topical term or geographic name as entry element Heat transfer
942 ## - ADDED ENTRY ELEMENTS (KOHA)
Koha item type General Book
Holdings
Copy number Not for loan Koha out on loan Piece designation (barcode) Sublocation or collection (holding branch) Price effective from Koha full call number Koha date last seen Koha issues (times borrowed) Damaged status Source of classification or shelving scheme Date acquired Koha item type Koha normalized classification for sorting Location (home branch) Shelving location Withdrawn status Lost status Koha date last borrowed
1 2025-05-1192450Central Library, BUET2014-11-03621.011/HOL/19972025-04-273  2014-11-03General Book621_011000000000000_HOL_1997Central Library, BUETCirculation section  2025-04-27
2  92452Central Library, BUET2014-11-03621.011/HOL/19972014-11-03   2014-11-03General Book621_011000000000000_HOL_1997Central Library, BUETCirculation section   
3  92453Central Library, BUET2014-11-03621.011/HOL/19972016-07-30   2014-11-03General Book621_000000000000000_011HOL1997Central Library, BUETCirculation section   
4  92454Central Library, BUET2014-11-03621.011/HOL/19972022-06-081  2014-11-03General Book621_000000000000000_011HOL1997Central Library, BUETCirculation section  2022-01-09
5  92455Central Library, BUET2014-11-03621.011/HOL/19972024-10-282  2014-11-03General Book621_000000000000000_011HOL1997Central Library, BUETCirculation section  2024-10-02
6  92457Central Library, BUET2014-11-03621.011/HOL/19972024-08-313  2014-11-03General Book621_000000000000000_011HOL1997Central Library, BUETCirculation section  2023-12-10
7  92459Central Library, BUET2014-11-03621.011/HOL/19972014-11-03   2014-11-03General Book621_000000000000000_011HOL1997Central Library, BUETCirculation section   
8  92460Central Library, BUET2014-11-03621.011/HOL/19972024-08-281  2014-11-03General Book621_011000000000000_HOL_1997Central Library, BUETCirculation section  2024-03-12
9  92461Central Library, BUET2014-11-03621.011/HOL/19972024-06-221  2014-11-03General Book621_000000000000000_011HOL1997Central Library, BUETCirculation section  2024-04-08
10  92462Central Library, BUET2014-11-03621.011/HOL/19972025-03-125  2014-11-03General Book621_000000000000000_011HOL1997Central Library, BUETCirculation section  2024-12-10
11  92464Central Library, BUET2014-11-03621.011/HOL/19972017-05-031  2014-11-03General Book621_000000000000000_011HOL1997Central Library, BUETCirculation section  2015-03-04
12  92465Central Library, BUET2014-11-03621.011/HOL/19972019-07-103  2014-11-03General Book621_000000000000000_011HOL1997Central Library, BUETCirculation section  2019-06-17
13  92466Central Library, BUET2014-11-03621.011/HOL/19972022-06-083  2014-11-03General Book621_000000000000000_011HOL1997Central Library, BUETCirculation section  2022-05-24
14  92468Central Library, BUET2015-04-12621.011 HOL/19972015-04-12   2015-04-12General Book621_011000000000000_HOL_1997Central Library, BUETCirculation section   
15  92447Central Library, BUET2015-07-02621.011/HOL/19972015-07-02   2015-07-02Reading Item621_011000000000000_HOL_1997Central Library, BUETReading section   
16  92446Central Library, BUET2015-07-09621.011/HOL/19972015-07-09   2015-07-09Reading Item621_011000000000000_HOL_1997Central Library, BUETReading section